Star-Wars Charaktere mit Zitat - Statistiken

Allgemein
  • Dieses Quiz wurde 3.664 mal gespielt
    3.640 seit der letzten Aktualisierung
  • Das Durchschnittsergebnis liegt bei 12 aus 19
Antwortstatistiken
Zitat Person % Korrekt
Hallo, wie gehts den so Obi-Wan Kenobi
91%
Ich kann doch nicht meinen eigenen Vater töten Luke Skywalker
84%
Es würde gegen meine Programmierung verstoßen eine Gottheit zu personifizieren C-3PO
83%
Das Schiff machte den Kessel-Flug in weniger als 12 Parsec Han Solo
83%
Ich bin der Senat Sheev Palpatine
80%
Furcht ist der Pfad zur dunklen Seite. Furcht führt zu Wut, Wut führt zu Hass, Hass führt zu unsäglichem Leid Yoda
80%
Sie sind wie Tiere, und wie Tiere hab ich sie auch abgeschlachtet. Ich hasse sie. Anakin Skywalker
78%
Eure Laserschwerter werden meine Sammlung hervorragend ergänzen General Grievous
63%
Und so geht die Freiheit zugrunde - mit donnerndem Applaus Padme Amidala
63%
Waaawwuuuaaaahhhhh Chewbacca
62%
Da lasse ich mich lieber von einem Wookiee küssen Leia Organa
56%
Wir sind Hüter des Friedens, keine Soldaten Mace Windu
55%
Es gibt immer einen noch größeren Fisch Qui-Gon Jinn
53%
Ich finde ihren Mangel an Glauben beklagenswert Darth Vader
50%
Bringt Captain Solo in den Laderaum Boba Fett
43%
Du bist nur ein Kind mit einer Maske Snoke
40%
Gut, Hochmut, mein Junge, kommt vor dem Fall Count Dooku
39%
Es ist eine Falle Admiral Ackbar
38%
Evakuieren? Im Augenblick des Triumphes? Ich glaube doch, Sie überschätzen ihre Chancen Moff Tarkin
34%
Keine übereinstimmenden Quizze gefunden
Verteilung der Resultate
Anzahl Personen mit jedem Resultat
Perzentil nach korrekt beantworteten Fragen
Ihre Resultats-Entwicklung
Sie haben dieses Quiz seit der letzten Aktualisierung nicht gespielt